| 000 | 00869nam a2200253Ia 4500 | ||
|---|---|---|---|
| 003 | OSt | ||
| 005 | 20220923211546.0 | ||
| 006 | a|||||r|||| 00| 0 | ||
| 007 | ta | ||
| 008 | Pun | ||
| 020 |
_a9789384138028 (hbk) _c160 |
||
| 024 | _a290,648 | ||
| 037 |
_b1012, 24/02/2016, H.K. Prakashan _cTextual |
||
| 040 |
_aARTS _cARTS _bPun |
||
| 041 |
_2Pun _aPun |
||
| 082 | _aO153,2NAA:g, Q4 | ||
| 100 | _aਭੁੱਲਰ, ਹਰਮੀਤ ਕੌਰ | ||
| 245 | 0 | _aਡਾ ਰੌFਨ ਲਾਲ ਆਹੂਜਾ ਸਾਹਿਤ ਚਿੰਤਨ | |
| 260 |
_aਅੰਮ੍ਰਿਤਸਰ _b ਕੇ. ਜੀ. ਗ੍ਰਾਫਿਕਸ _c2014 |
||
| 300 |
_a100ਪੰ _ccm. |
||
| 650 | _aਪੰਜਾਬੀ ਨਾਟਕ | ||
| 942 |
_hO153,2NAA:g, Q4 _cTEXL _2CC |
||
| 999 |
_c300778 _d300778 |
||